000 00675nam a2200205Ii 4500
003 JO-AjNU
008 230605s9999||||xx |||||||||||||| ||und||
017 _a2010/2152
040 _aJO-AjNU
_bara
_erda
_cJO-AjNU
041 _aara
050 1 4 _aT58.6.M88 2010
100 3 _aمتولي،محمد,
_eauthor
_932179
245 0 0 _aتحليل وتصميم النظم المعلوماتية
264 3 1 _aالقاهرة:مؤسسة الثقافة الجامعية،2010
300 _a315ص
336 _atext
_btxt
_2rdacontent
337 _aunmediated
_bn
_2rdamedia
338 _avolume
_bnc
_2rdacarrier
650 4 _aنظم المعلومات-تصميم -تحليل
_932180
999 _aA12960
_c16528
_d16528